000 00847nam a2200217Ii 4500
003 JO-AjNU
008 230605s9999||||xx |||||||||||||| ||und||
017 _a2009/10/4332
040 _aJO-AjNU
_bara
_erda
_cJO-AjNU
041 _aara
050 1 4 _aJV105.F3.2009
100 3 _aترجمة: الدروبي ، سامي ، الآتاسي ، جمال ,
_eauthor
_949260
245 0 0 _aمعذبو الأرض
250 _a(د،ط)
264 3 1 _aعمان : وزارة الثقافة ، 2009
300 _a301ص
336 _atext
_btxt
_2rdacontent
337 _aunmediated
_bn
_2rdamedia
338 _avolume
_bnc
_2rdacarrier
650 4 _aالاستعمار -- أمريكا الجنوبية -- السياسة الدولية -- البلاد العربية -- استعمار -- إفريقيا -- استعمار --آسيا -- استعمار
_949261
999 _aA21625
_c25193
_d25193